| 000 | 00779cam a22002291 4500 | ||
|---|---|---|---|
| 001 | war14000118 | ||
| 003 | DLC | ||
| 005 | 20260227112810.0 | ||
| 008 | 820408s1914 dcua f000 0 eng c | ||
| 010 | _awar14000118 | ||
| 035 | _a(OCoLC)8319984 | ||
| 040 |
_aLibrary, War College Div. General Staff _cPCarlMH _dDLC |
||
| 042 | _apremarc | ||
| 050 | 0 | 0 |
_aUH473 _b.A35 1914 |
| 110 | 1 |
_aUnited States. _bSurgeon-General's Office. |
|
| 245 | 0 | 0 | _aRegulations for the government of United States army general hospitals, 1914. |
| 260 |
_aWashington, _bGovt. print. off., _c1914. |
||
| 300 |
_a41 p. _btab. _c15 cm. |
||
| 500 | _aAt head of t.p.: War department, Office of the surgeon general. | ||
| 500 | _aWar dept. doc. no. 471. | ||
| 650 | 0 |
_aMilitary hospitals _zUnited States. |
|
| 999 |
_c92237 _d92237 |
||